000 00500nmm a2200169Ia 4500
008 251105s9999||||xx |||||||||||||||||und||
020 _a9789587410587
041 _aspa
100 _aPlata López, Luis Carlos
245 0 _aResponsabilidad civil por infracciones al derecho de autor
264 _a[Bogotá, Colombia] :
_bUniversidad del Norte,
_c2010
300 _a220 páginas
490 _aJurídica
650 _aLaw
856 _uhttps://public.digitaliapublishing.com/a/9187
942 _cCF
999 _c95878
_d95878